| 000 | 00000nam##2200000za#4500 |
| 001 | 9.602945 |
| 003 | CaOODSP |
| 005 | 20240212134142 |
| 007 | cr ||||||||||| |
| 008 | 150406|2000||||xxc|||||o f|0| 0 fre|d |
| 040 | |aCaOODSP|bfre |
| 043 | |an-cn--- |
| 086 | 1 |aNE22-1/2000-8F-PDF |
| 110 | 1 |aCanada. |bOffice national de l'énergie. |
| 245 | 10|aRicks Nova Scotia Co. - Projet de gazoduc Ladyfern : |h[ressource électronique]|bdemande en date du 19 juillet 2000, déposée en vertu de l'article 58 de la Loi sur l'Office national de l'énergie (la Loi) en vue de la construction du gazoduc Ladyfern à la frontière Colombie-Britannique/Alberta : instance GH-3-2000, motifs de décision |
| 246 | 1 |iTitre de renvoi : |aRicks Nova Scotia Co. (Ricks) |
| 260 | |aCalgary - Alberta : |bOffice national de l'énergie |c20 décembre 2000. |
| 300 | |a15p.|bcarte |
| 490 | 1 |aMotifs de décision|vGH-3-2000 |
| 500 | |aTitre de départ, p.3 de 15. Inclus Ordonnance XG-R029-81-2000, p.13-15 de 15. |
| 590 | |a12-10-Supp|b2012-03-23 |
| 775 | 08|tRicks Nova Scotia Co.- Ladyfern Pipeline Project : |w(CaOODSP)9.572600 |
| 776 | 0#|tRicks Nova Scotia Co. - Projet de gazoduc Ladyfern : |w(CaOODSP)9.625566 |
| 830 | #0|aMotifs de décision (Canada. Office national de l'énergie)|vGH-3-2000|w(CaOODSP)9.500899 |
| 856 | 40|ahttp://publications.gc.ca|qPDF|s204 Ko|uhttps://publications.gc.ca/collections/Collection/NE22-1-2000-8F.pdf|yGH-3-2000 |